| 000 | 00776cam0a220026500 4500 | ||
|---|---|---|---|
| 001 | qce01050838 | ||
| 005 | 20190813174056.0 | ||
| 008 | 750829s1959 ilua b 000 0 eng | ||
| 010 | _a 59014213 | ||
| 035 | _a(Sirsi) r24242 | ||
| 035 | _a(QCAT)lss00970877 | ||
| 035 | _a(UPRA)qce01050838 | ||
| 040 | _dUPRA | ||
| 050 | 0 |
_aRC889 _b.W4 |
|
| 060 | _aWJ 709 W498s | ||
| 082 | _a616.692 | ||
| 100 | 1 |
_aWershub, Leonard Paul. _6A25737.1 |
|
| 245 | 1 | 0 |
_aSexual impotence in the male / _cwith a foreword by Ralph E. Snyder. |
| 260 |
_aSpringfield, IL : _bThomas, _c[1959] |
||
| 504 | _aIncludes bibliographical references. | ||
| 650 | 0 |
_aImpotence. _6S62306.1 |
|
| 650 | 2 |
_aImpotence _6S62306.1 |
|
| 949 |
_aRC889 _wLC _i-23803 _mMEDICAL _tBOOK _lON-SHELF |
||
| 004 | 24242 | ||
| 999 |
_c43392 _d43392 |
||